[Event "MP do lat 16 - dziewczeta"]
[Site "Sypniewo"]
[Date "2022.03.24"]
[Round "6.19"]
[White "Boguszewska, Julia"]
[Black "Zalewska, Malgorzata"]
[Result "1-0"]
[BlackElo "1338"]
[WhiteElo "1034"]
[LiveChessVersion "1.4.8"]

1. d4 {[%clk 1:30:57]} Nf6 {[%clk 1:30:54]} 2. c4 {[%clk 1:31:22]} e6
{[%clk 1:31:21]} 3. Nc3 {[%clk 1:30:49]} Bb4 {[%clk 1:31:44]} 4. Bg5
{[%clk 1:31:06]} h6 {[%clk 1:32:03]} 5. Bh4 {[%clk 1:31:24]} b6 {[%clk 1:31:57]}
6. Qc2 {[%clk 1:30:21]} Bb7 {[%clk 1:32:10]} 7. Nf3 {[%clk 1:27:12]} d6
{[%clk 1:31:44]} 8. e3 {[%clk 1:25:30]} Nbd7 {[%clk 1:32:02]} 9. Be2
{[%clk 1:25:14]} Bxc3+ {[%clk 1:32:15]} 10. Qxc3 {[%clk 1:25:30]} g5
{[%clk 1:32:11]} 11. Bg3 {[%clk 1:19:41]} Ne4 {[%clk 1:32:29]} 12. Qc2
{[%clk 1:18:16]} f5 {[%clk 1:32:52]} 13. Rg1 {[%clk 1:14:26]} Ndf6
{[%clk 1:29:43]} 14. Nd2 {[%clk 1:04:45]} Qd7 {[%clk 1:27:16]} 15. Nxe4
{[%clk 0:51:56]} Nxe4 {[%clk 1:27:43]} 16. f3 {[%clk 0:51:15]} Nf6
{[%clk 1:27:46]} 17. O-O-O {[%clk 0:51:08]} a6 {[%clk 1:24:35]} 18. Kb1
{[%clk 0:42:31]} b5 {[%clk 1:23:00]} 19. c5 {[%clk 0:40:07]} a5 {[%clk 1:20:34]}
20. Rc1 {[%clk 0:38:43]} Bc6 {[%clk 1:20:58]} 21. cxd6 {[%clk 0:38:14]} Ra6
{[%clk 1:21:12]} 22. dxc7 {[%clk 0:37:01]} Qc8 {[%clk 1:18:51]} 23. Be5
{[%clk 0:25:52]} Kf7 {[%clk 1:17:37]} 24. a4 {[%clk 0:17:48]} Rb6
{[%clk 1:17:38]} 25. axb5 {[%clk 0:17:33]} Bxb5 {[%clk 1:17:30]} 26. Bxb5
{[%clk 0:17:02]} Rxb5 {[%clk 1:17:54]} 27. Qc3 {[%clk 0:16:40]} Nd5
{[%clk 1:16:56]} 28. Qd2 {[%clk 0:07:17]} Re8 {[%clk 1:16:43]} 29. Rc4
{[%clk 0:03:04]} Qb7 {[%clk 1:16:02]} 30. Rgc1 {[%clk 0:02:29]} Nb6
{[%clk 1:15:56]} 31. Rc5 {[%clk 0:01:11]} Rb4 {[%clk 1:14:42]} 32. R5c2
{[%clk 0:00:47]} Rc8 {[%clk 1:14:22]} 33. Bd6 Rb3 {[%clk 1:11:07]} 34. Rc3
{[%clk 0:00:39]} Rb5 {[%clk 1:11:09]} 35. Rc5 {[%clk 0:00:50]} Rb3
{[%clk 1:10:10]} 36. Rxa5 {[%clk 0:00:41]} Nd7 {[%clk 1:08:35]} 37. Ra4
{[%clk 0:00:35]} Qd5 {[%clk 1:07:43]} 38. Ra6 {[%clk 0:00:33]} Qb5
{[%clk 1:07:29]} 39. Rac6 {[%clk 0:00:33]} Nb6 {[%clk 1:05:28]} 40. R6c5
{[%clk 0:30:38]} Qa4 {[%clk 1:35:08]} 41. Ra5 {[%clk 0:26:24]} Qd7
{[%clk 1:30:53]} 42. Be5 {[%clk 0:21:35]} Nd5 {[%clk 1:29:56]} 43. e4
{[%clk 0:14:58]} Nxc7 {[%clk 1:29:04]} 44. Bxc7 {[%clk 0:13:58]} Rxc7
{[%clk 1:29:27]} 45. Rac5 {[%clk 0:11:36]} Ra7 {[%clk 1:29:09]} 46. exf5
{[%clk 0:09:55]} exf5 {[%clk 1:29:16]} 47. d5 {[%clk 0:06:06]} Qa4
{[%clk 1:29:02]} 48. Rc7+ {[%clk 0:04:41]} Rxc7 {[%clk 1:29:29]} 49. Rxc7+
{[%clk 0:04:59]} Kg6 {[%clk 1:29:50]} 50. d6 {[%clk 0:02:12]} 1-0

[Event "MP do lat 16 - dziewczeta"]
[Site "Sypniewo"]
[Date "2022.03.24"]
[Round "6.20"]
[White "Staniewicz, Adrianna"]
[Black "Labedz, Gabriela"]
[Result "1/2-1/2"]
[BlackElo "1404"]
[WhiteElo "1376"]
[LiveChessVersion "1.4.8"]

1. e4 {[%clk 1:30:57]} d6 {[%clk 1:30:53]} 2. d4 {[%clk 1:31:18]} Nf6
{[%clk 1:31:16]} 3. Nc3 {[%clk 1:31:25]} e5 {[%clk 1:31:33]} 4. dxe5
{[%clk 1:31:06]} dxe5 {[%clk 1:31:55]} 5. Qxd8+ {[%clk 1:31:26]} Kxd8
{[%clk 1:32:17]} 6. Bg5 {[%clk 1:30:55]} Be6 {[%clk 1:31:20]} 7. Nf3
{[%clk 1:28:47]} Nbd7 {[%clk 1:28:36]} 8. Bxf6+ {[%clk 1:25:34]} gxf6
{[%clk 1:27:18]} 9. a3 {[%clk 1:22:50]} Bh6 {[%clk 1:19:51]} 10. Bd3
{[%clk 1:18:00]} Rg8 {[%clk 1:12:12]} 11. g3 {[%clk 1:14:07]} c6 {[%clk 1:02:55]}
12. Nd2 {[%clk 1:10:57]} Kc7 {[%clk 0:58:28]} 13. O-O-O {[%clk 1:09:05]} Rad8
{[%clk 0:54:58]} 14. Kb1 {[%clk 0:39:59]} Bg4 {[%clk 0:43:55]} 15. f3
{[%clk 0:34:36]} Bxd2 {[%clk 0:42:53]} 16. Rxd2 {[%clk 0:34:50]} Bxf3
{[%clk 0:42:20]} 17. Rf1 {[%clk 0:34:47]} Bg4 {[%clk 0:41:04]} 18. Bc4
{[%clk 0:32:31]} Be6 {[%clk 0:38:16]} 19. Be2 {[%clk 0:27:38]} Bg4
{[%clk 0:34:10]} 20. Bc4 {[%clk 0:27:08]} Rg7 {[%clk 0:33:31]} 21. Ba2
{[%clk 0:21:46]} h5 {[%clk 0:29:50]} 22. b4 {[%clk 0:18:22]} b5 {[%clk 0:27:25]}
23. a4 {[%clk 0:16:31]} bxa4 {[%clk 0:23:48]} 24. Nxa4 {[%clk 0:15:55]} Rb8
{[%clk 0:22:36]} 25. c3 {[%clk 0:15:15]} a5 {[%clk 0:21:39]} 26. Rb2
{[%clk 0:14:55]} axb4 {[%clk 0:20:21]} 27. cxb4 {[%clk 0:14:58]} Be6
{[%clk 0:18:01]} 28. Nc5 {[%clk 0:12:31]} Bxa2+ {[%clk 0:14:52]} 29. Kxa2
{[%clk 0:12:54]} Ra8+ {[%clk 0:12:04]} 30. Kb1 {[%clk 0:11:35]} Rg6
{[%clk 0:09:49]} 31. Nxd7 {[%clk 0:10:36]} Kxd7 {[%clk 0:10:14]} 32. b5
{[%clk 0:10:09]} cxb5 {[%clk 0:07:18]} 33. Rxb5 {[%clk 0:10:24]} Kc6
{[%clk 0:07:09]} 34. Rb4 {[%clk 0:09:50]} Rd8 {[%clk 0:06:24]} 35. Rc1+
{[%clk 0:09:44]} Kd6 {[%clk 0:04:14]} 36. Rb7 {[%clk 0:07:20]} Ke6
{[%clk 0:03:32]} 37. Rc6+ {[%clk 0:06:58]} Rd6 {[%clk 0:03:46]} 38. Rcc7
{[%clk 0:06:51]} Rd4 {[%clk 0:02:49]} 39. Re7+ Kd6 1/2-1/2

[Event "MP do lat 16 - dziewczeta"]
[Site "Sypniewo"]
[Date "2022.03.24"]
[Round "6.21"]
[White "Romejko, Jagoda"]
[Black "Wiecek, Karolina"]
[Result "1/2-1/2"]
[BlackElo "1227"]
[WhiteElo "1361"]
[LiveChessVersion "1.4.8"]

1. e4 {[%clk 1:30:57]} c6 {[%clk 1:30:55]} 2. c4 {[%clk 1:31:23]} d5
{[%clk 1:31:17]} 3. exd5 {[%clk 1:31:46]} cxd5 {[%clk 1:31:40]} 4. cxd5
{[%clk 1:32:12]} Nf6 {[%clk 1:32:04]} 5. Qa4+ {[%clk 1:32:30]} Bd7
{[%clk 1:30:11]} 6. Qb3 {[%clk 1:32:48]} Qc7 {[%clk 1:29:20]} 7. Nc3
{[%clk 1:33:10]} a6 {[%clk 1:25:12]} 8. Nf3 {[%clk 1:32:31]} g6 {[%clk 1:24:34]}
9. Be2 {[%clk 1:30:16]} Bg7 {[%clk 1:24:28]} 10. h3 {[%clk 1:28:18]} O-O
{[%clk 1:23:13]} 11. O-O {[%clk 1:28:09]} e6 {[%clk 1:17:40]} 12. d4
{[%clk 1:22:18]} exd5 {[%clk 1:15:42]} 13. Nxd5 {[%clk 1:12:41]} Nxd5
{[%clk 1:14:49]} 14. Qxd5 {[%clk 1:13:02]} Be6 {[%clk 1:11:29]} 15. Qe4
{[%clk 1:05:45]} Bf5 {[%clk 1:09:22]} 16. Qf4 {[%clk 1:03:12]} Qxf4
{[%clk 1:01:49]} 17. Bxf4 {[%clk 1:03:15]} Nc6 {[%clk 1:01:58]} 18. Rfd1
{[%clk 1:00:36]} Rad8 {[%clk 1:00:33]} 19. Be3 {[%clk 0:56:08]} Rfe8
{[%clk 0:55:26]} 20. Rac1 {[%clk 0:53:55]} Be4 {[%clk 0:45:32]} 21. b3
{[%clk 0:39:08]} Rd7 {[%clk 0:40:07]} 22. Ng5 {[%clk 0:31:38]} Nxd4
{[%clk 0:24:01]} 23. Bxd4 {[%clk 0:28:33]} Rxd4 {[%clk 0:22:04]} 24. Bc4
{[%clk 0:26:10]} Rxd1+ {[%clk 0:18:36]} 25. Rxd1 {[%clk 0:26:31]} Re7
{[%clk 0:18:13]} 26. Re1 {[%clk 0:25:17]} b5 {[%clk 0:15:57]} 27. Bd5
{[%clk 0:11:53]} Re5 {[%clk 0:13:59]} 28. Bxf7+ {[%clk 0:04:57]} Kf8
{[%clk 0:14:04]} 29. Rxe4 {[%clk 0:03:54]} Rxg5 {[%clk 0:13:56]} 30. Be6
{[%clk 0:03:31]} Bf6 {[%clk 0:11:55]} 31. Bc8 {[%clk 0:02:00]} a5
{[%clk 0:11:44]} 32. Kf1 {[%clk 0:01:33]} Rc5 {[%clk 0:11:36]} 33. Bd7
{[%clk 0:01:27]} b4 {[%clk 0:10:57]} 34. Re8+ {[%clk 0:00:55]} Kg7
{[%clk 0:11:05]} 35. Bg4 {[%clk 0:00:50]} Rc2 {[%clk 0:10:38]} 36. Re2
{[%clk 0:01:03]} Rc1+ {[%clk 0:10:47]} 37. Re1 {[%clk 0:01:26]} Rc2
{[%clk 0:11:01]} 38. Re2 {[%clk 0:00:51]} Rc1+ {[%clk 0:11:25]} 1/2-1/2

[Event "MP do lat 16 - dziewczeta"]
[Site "Sypniewo"]
[Date "2022.03.24"]
[Round "6.22"]
[White "Lach, Alicja"]
[Black "Kaznowska, Kinga"]
[Result "0-1"]
[BlackElo "1239"]
[WhiteElo "1327"]
[LiveChessVersion "1.4.8"]

1. e4 {[%clk 1:30:59]} e5 {[%clk 1:30:56]} 2. Nf3 {[%clk 1:31:25]} Nc6
{[%clk 1:31:23]} 3. d4 {[%clk 1:31:45]} exd4 {[%clk 1:31:49]} 4. Nxd4
{[%clk 1:32:13]} Qh4 {[%clk 1:32:14]} 5. Nc3 {[%clk 1:31:49]} Bb4
{[%clk 1:32:37]} 6. Ndb5 {[%clk 1:31:46]} Qxe4+ {[%clk 1:32:37]} 7. Be2
{[%clk 1:32:06]} Bxc3+ {[%clk 1:33:00]} 8. bxc3 {[%clk 1:32:30]} Kd8
{[%clk 1:33:18]} 9. O-O {[%clk 1:32:22]} Nge7 {[%clk 1:33:20]} 10. Re1
{[%clk 1:32:09]} Qf5 {[%clk 1:33:00]} 11. Ba3 {[%clk 1:29:26]} Qf6
{[%clk 1:28:50]} 12. Bf3 {[%clk 1:23:59]} Ng6 {[%clk 1:21:46]} 13. Nd4
{[%clk 1:21:02]} Nxd4 {[%clk 1:22:01]} 14. cxd4 {[%clk 1:21:27]} d6
{[%clk 1:22:13]} 15. c4 {[%clk 1:20:14]} c6 {[%clk 1:14:29]} 16. Rb1
{[%clk 1:19:25]} Re8 {[%clk 1:13:12]} 17. Rxe8+ {[%clk 1:17:39]} Kxe8
{[%clk 1:13:36]} 18. Qe2+ {[%clk 1:16:40]} Kd8 {[%clk 1:07:23]} 19. Bb4
{[%clk 1:06:19]} Bd7 {[%clk 0:59:49]} 20. Bc3 {[%clk 1:01:53]} Kc7
{[%clk 0:59:47]} 21. Qb2 {[%clk 1:00:31]} Rb8 {[%clk 0:58:40]} 22. d5
{[%clk 0:59:32]} Ne5 {[%clk 0:58:42]} 23. Be2 {[%clk 0:49:54]} Qf4
{[%clk 0:43:13]} 24. g3 {[%clk 0:44:26]} Qe4 {[%clk 0:42:52]} 25. Bxe5
{[%clk 0:37:01]} Qxe5 {[%clk 0:43:13]} 26. Qd2 {[%clk 0:36:32]} c5
{[%clk 0:38:58]} 27. Re1 {[%clk 0:33:30]} Re8 {[%clk 0:35:00]} 28. Kg2
{[%clk 0:23:17]} Bf5 {[%clk 0:27:41]} 29. a4 {[%clk 0:18:45]} Qe4+
{[%clk 0:27:55]} 30. f3 {[%clk 0:12:38]} Qe3 {[%clk 0:28:19]} 31. Qb2
{[%clk 0:10:43]} Bd3 {[%clk 0:25:05]} 32. Bxd3 {[%clk 0:09:45]} Qxe1
{[%clk 0:25:28]} 33. Be4 {[%clk 0:10:09]} f6 {[%clk 0:22:25]} 34. Qb5
{[%clk 0:06:53]} Re7 {[%clk 0:22:40]} 35. Bxh7 {[%clk 0:06:38]} Qb4
{[%clk 0:23:01]} 36. Qxb4 {[%clk 0:06:16]} cxb4 {[%clk 0:23:26]} 37. Kf2
{[%clk 0:06:40]} Kb6 {[%clk 0:23:47]} 38. Bc2 {[%clk 0:06:01]} Kc5
{[%clk 0:24:10]} 39. Bd3 {[%clk 0:05:46]} b3 {[%clk 0:24:33]} 40. h4
{[%clk 0:36:00]} Kd4 {[%clk 0:54:52]} 41. Bb1 {[%clk 0:36:14]} Kxc4
{[%clk 0:55:01]} 42. g4 {[%clk 0:36:36]} Kc3 {[%clk 0:55:16]} 43. g5
{[%clk 0:36:46]} fxg5 {[%clk 0:55:38]} 44. hxg5 {[%clk 0:37:12]} Kb2
{[%clk 0:55:59]} 45. Bd3 {[%clk 0:37:10]} Kc1 {[%clk 0:56:22]} 0-1

[Event "MP do lat 16 - dziewczeta"]
[Site "Sypniewo"]
[Date "2022.03.24"]
[Round "6.23"]
[White "Olszewska, Wiktoria"]
[Black "Gac-Mytych, Sara"]
[Result "1-0"]
[BlackElo "1202"]
[WhiteElo "1262"]
[LiveChessVersion "1.4.8"]

1. e4 {[%clk 1:30:58]} c6 {[%clk 1:30:52]} 2. d4 {[%clk 1:31:18]} d5
{[%clk 1:31:14]} 3. e5 {[%clk 1:31:38]} Bf5 {[%clk 1:31:34]} 4. h4
{[%clk 1:31:06]} h5 {[%clk 1:31:47]} 5. Bd3 {[%clk 1:31:10]} Bxd3
{[%clk 1:31:09]} 6. Qxd3 {[%clk 1:31:30]} e6 {[%clk 1:30:52]} 7. Bg5
{[%clk 1:29:05]} Ne7 {[%clk 1:25:23]} 8. Nd2 {[%clk 1:27:11]} Qb6
{[%clk 1:13:20]} 9. Ngf3 {[%clk 1:15:25]} Nf5 {[%clk 0:47:58]} 10. c4
{[%clk 1:09:10]} Nd7 {[%clk 0:35:30]} 11. c5 {[%clk 1:01:23]} Qc7
{[%clk 0:35:33]} 12. b4 {[%clk 1:00:30]} a5 {[%clk 0:32:25]} 13. b5
{[%clk 0:51:47]} b6 {[%clk 0:28:26]} 14. cxb6 {[%clk 0:48:27]} Qxb6
{[%clk 0:24:24]} 15. bxc6 {[%clk 0:46:06]} Qxc6 {[%clk 0:22:17]} 16. O-O
{[%clk 0:44:00]} Qa6 {[%clk 0:15:11]} 17. Qxa6 {[%clk 0:41:09]} Rxa6
{[%clk 0:15:39]} 18. Rfc1 {[%clk 0:40:48]} Ra8 {[%clk 0:13:18]} 19. Rc7
{[%clk 0:37:40]} Be7 {[%clk 0:06:59]} 20. Bxe7 {[%clk 0:34:26]} Kxe7
{[%clk 0:07:24]} 21. Rac1 {[%clk 0:31:08]} Rhb8 {[%clk 0:03:54]} 22. Nb3
{[%clk 0:30:34]} Ke8 {[%clk 0:03:48]} 23. g3 {[%clk 0:27:33]} a4 {[%clk 0:03:15]}
24. Nc5 {[%clk 0:25:29]} Nxc5 {[%clk 0:03:33]} 25. R1xc5 {[%clk 0:24:32]} Rb2
{[%clk 0:02:24]} 26. Ng5 {[%clk 0:20:06]} Nh6 {[%clk 0:02:15]} 27. Nxe6
{[%clk 0:12:11]} fxe6 {[%clk 0:02:12]} 28. Rxg7 {[%clk 0:12:18]} Rb1+
{[%clk 0:01:34]} 29. Kg2 {[%clk 0:12:25]} Kf8 {[%clk 0:01:16]} 30. Rh7
{[%clk 0:10:01]} Kg8 {[%clk 0:00:38]} 31. Rxh6 {[%clk 0:09:15]} Re8
{[%clk 0:00:41]} 32. Rc2 {[%clk 0:07:34]} Rb4 {[%clk 0:01:03]} 33. Rd2
{[%clk 0:07:03]} a3 {[%clk 0:01:07]} 34. Rd3 {[%clk 0:01:21]} Kg7
{[%clk 0:01:19]} 35. Rf6 {[%clk 0:01:04]} Ra8 {[%clk 0:01:25]} 36. Rff3
{[%clk 0:01:02]} Rba4 {[%clk 0:01:34]} 37. Kh3 {[%clk 0:00:52]} R4a6
{[%clk 0:01:43]} 38. Rfe3 {[%clk 0:00:57]} Kh6 {[%clk 0:01:48]} 39. f3
{[%clk 0:00:59]} R8a7 {[%clk 0:02:13]} 40. g4 {[%clk 0:31:19]} hxg4+
{[%clk 0:32:40]} 41. fxg4 {[%clk 0:31:44]} Ra4 {[%clk 0:32:08]} 42. g5+
{[%clk 0:31:28]} Kh5 {[%clk 0:31:48]} 43. Rf3 {[%clk 0:31:44]} Re7
{[%clk 0:31:40]} 44. Rf6 {[%clk 0:31:41]} Rh7 {[%clk 0:31:32]} 45. Rxe6
{[%clk 0:31:42]} Rc4 {[%clk 0:31:55]} 46. Rf6 {[%clk 0:28:19]} Rc1
{[%clk 0:32:09]} 47. g6 {[%clk 0:21:36]} Rg7 {[%clk 0:32:16]} 48. Rg3
{[%clk 0:21:12]} Rh1+ {[%clk 0:31:41]} 49. Kg2 {[%clk 0:21:35]} Rxh4
{[%clk 0:32:07]} 50. Rh3 {[%clk 0:19:21]} Rxh3 {[%clk 0:31:41]} 51. Kxh3
{[%clk 0:19:47]} Kg5 {[%clk 0:31:39]} 52. Kg3 {[%clk 0:19:24]} Rg8
{[%clk 0:30:38]} 53. Rf4 {[%clk 0:18:42]} Kh6 {[%clk 0:29:29]} 54. Rg4
{[%clk 0:18:45]} Kg7 {[%clk 0:29:26]} 55. Kf4 {[%clk 0:18:30]} Rf8+
{[%clk 0:29:34]} 56. Ke3 {[%clk 0:16:41]} Re8 {[%clk 0:28:11]} 57. Rg3
{[%clk 0:15:16]} Rc8 {[%clk 0:22:29]} 58. Kf4 {[%clk 0:12:54]} Rf8+
{[%clk 0:22:37]} 59. Kg5 {[%clk 0:12:47]} Rf2 {[%clk 0:21:43]} 60. Rxa3
{[%clk 0:11:13]} Rg2+ {[%clk 0:21:22]} 61. Kf5 {[%clk 0:11:14]} Rxg6
{[%clk 0:21:26]} 62. Re3 {[%clk 0:11:12]} Ra6 {[%clk 0:20:53]} 63. e6
{[%clk 0:10:47]} Kf8 {[%clk 0:21:05]} 64. a3 {[%clk 0:04:01]} Ke7
{[%clk 0:21:11]} 65. Ke5 {[%clk 0:03:22]} Rxe6+ {[%clk 0:17:02]} 66. Kf4
{[%clk 0:03:45]} Rxe3 {[%clk 0:17:10]} 67. Kxe3 {[%clk 0:04:12]} Kd6
{[%clk 0:17:35]} 68. Kf4 {[%clk 0:04:13]} Ke6 {[%clk 0:17:30]} 69. a4
{[%clk 0:03:20]} Kd6 {[%clk 0:17:48]} 70. Kf5 {[%clk 0:03:21]} Kc6
{[%clk 0:18:09]} 71. Ke5 {[%clk 0:03:44]} Kb6 {[%clk 0:18:23]} 72. Kxd5
{[%clk 0:04:05]} Ka5 {[%clk 0:18:29]} 73. Kc6 {[%clk 0:04:22]} Kxa4
{[%clk 0:18:52]} 74. d5 {[%clk 0:04:41]} Ka5 {[%clk 0:19:13]} 75. d6
{[%clk 0:04:54]} 1-0

[Event "MP do lat 16 - dziewczeta"]
[Site "Sypniewo"]
[Date "2022.03.24"]
[Round "6.24"]
[White "Pieczewska, Jadwiga"]
[Black "Jureczko, Anna"]
[Result "1-0"]
[BlackElo "1200"]
[WhiteElo "1234"]
[LiveChessVersion "1.4.8"]

1. c4 {[%clk 1:30:58]} e5 {[%clk 1:30:55]} 2. Nc3 {[%clk 1:31:23]} Nf6
{[%clk 1:31:18]} 3. g3 {[%clk 1:31:46]} Nc6 {[%clk 1:31:28]} 4. Bg2
{[%clk 1:32:08]} Bb4 {[%clk 1:29:03]} 5. e3 {[%clk 1:31:31]} d6 {[%clk 1:24:55]}
6. Nge2 {[%clk 1:30:42]} a6 {[%clk 1:18:58]} 7. O-O {[%clk 1:29:16]} O-O
{[%clk 1:14:24]} 8. a3 {[%clk 1:28:04]} Ba5 {[%clk 1:14:21]} 9. b4 Bb6 10. d4
{[%clk 1:26:32]} exd4 {[%clk 1:08:25]} 11. Nxd4 {[%clk 1:26:34]} Nxd4
{[%clk 1:02:49]} 12. exd4 {[%clk 1:26:58]} c6 {[%clk 0:57:01]} 13. d5
{[%clk 0:58:28]} c5 {[%clk 0:48:38]} 14. Bf4 {[%clk 0:53:41]} Re8
{[%clk 0:44:14]} 15. Qb3 {[%clk 0:51:16]} Nh5 {[%clk 0:37:09]} 16. Bd2
{[%clk 0:48:54]} Nf6 {[%clk 0:36:37]} 17. Rfe1 {[%clk 0:48:04]} Rxe1+
{[%clk 0:34:25]} 18. Rxe1 {[%clk 0:48:27]} h6 {[%clk 0:29:37]} 19. Na4
{[%clk 0:45:59]} Bd7 {[%clk 0:25:59]} 20. bxc5 {[%clk 0:43:14]} Bxa4
{[%clk 0:21:22]} 21. Qxb6 {[%clk 0:43:25]} Qxb6 {[%clk 0:21:47]} 22. cxb6
{[%clk 0:43:50]} Bb3 {[%clk 0:21:16]} 23. Rc1 {[%clk 0:43:36]} Nd7
{[%clk 0:21:01]} 24. Bf4 {[%clk 0:42:26]} Rd8 {[%clk 0:20:34]} 25. Bxd6
{[%clk 0:41:58]} 1-0

[Event "MP do lat 16 - dziewczeta"]
[Site "Sypniewo"]
[Date "2022.03.25"]
[Round "7.1"]
[White "Zabrzanska, Weronika"]
[Black "Szopa, Emilia"]
[Result "1-0"]
[BlackElo "1758"]
[WhiteElo "1942"]
[LiveChessVersion "1.4.8"]

1. e4 {[%clk 1:30:58]} c5 {[%clk 1:30:48]} 2. c3 {[%clk 1:30:53]} Nf6
{[%clk 1:30:37]} 3. e5 {[%clk 1:31:14]} Nd5 {[%clk 1:31:00]} 4. Nf3
{[%clk 1:30:12]} d6 {[%clk 1:29:44]} 5. d4 {[%clk 1:30:20]} Nc6 {[%clk 1:24:34]}
6. exd6 {[%clk 1:25:20]} cxd4 {[%clk 1:22:19]} 7. dxe7 {[%clk 1:08:38]} Qxe7+
{[%clk 1:04:57]} 8. Be2 {[%clk 1:07:45]} g6 {[%clk 0:52:41]} 9. Nxd4
{[%clk 1:06:07]} Bg7 {[%clk 0:51:07]} 10. Nxc6 {[%clk 1:05:22]} bxc6
{[%clk 0:51:29]} 11. O-O {[%clk 1:05:11]} O-O {[%clk 0:51:32]} 12. Bf3
{[%clk 1:05:22]} Re8 {[%clk 0:45:33]} 13. Bd2 {[%clk 0:58:18]} Rb8
{[%clk 0:37:46]} 14. Qc1 {[%clk 0:54:39]} Qb7 {[%clk 0:33:24]} 15. b3
{[%clk 0:54:19]} Bf5 {[%clk 0:31:30]} 16. Na3 {[%clk 0:53:40]} Qc7
{[%clk 0:24:47]} 17. Rd1 {[%clk 0:48:55]} Be5 {[%clk 0:17:40]} 18. g3
{[%clk 0:47:33]} h5 {[%clk 0:16:49]} 19. Nc4 {[%clk 0:46:14]} h4 {[%clk 0:13:29]}
20. Nxe5 {[%clk 0:44:47]} Qxe5 {[%clk 0:13:37]} 21. c4 {[%clk 0:44:45]} Nc7
{[%clk 0:03:23]} 22. Bc3 {[%clk 0:42:08]} Qe6 {[%clk 0:02:36]} 23. g4
{[%clk 0:39:08]} Kh7 {[%clk 0:01:02]} 24. Qg5 {[%clk 0:38:56]} 1-0

[Event "MP do lat 16 - dziewczeta"]
[Site "Sypniewo"]
[Date "2022.03.25"]
[Round "7.2"]
[White "Barwinska, Ewa"]
[Black "Mroz, Lena"]
[Result "0-1"]
[BlackElo "1773"]
[WhiteElo "1848"]
[LiveChessVersion "1.4.8"]

1. e4 {[%clk 1:30:56]} d6 {[%clk 1:30:46]} 2. d4 {[%clk 1:31:18]} Nf6
{[%clk 1:30:56]} 3. Nc3 {[%clk 1:31:41]} e5 {[%clk 1:31:19]} 4. Nge2
{[%clk 1:32:02]} Nbd7 {[%clk 1:30:17]} 5. g3 {[%clk 1:31:53]} Be7
{[%clk 1:27:20]} 6. Bg2 {[%clk 1:32:06]} O-O {[%clk 1:25:39]} 7. O-O
{[%clk 1:31:30]} c6 {[%clk 1:23:22]} 8. a4 {[%clk 1:31:24]} b6 {[%clk 1:22:07]}
9. b4 {[%clk 1:21:38]} a6 {[%clk 1:07:39]} 10. f4 {[%clk 1:05:10]} Bb7
{[%clk 0:58:58]} 11. Rb1 {[%clk 0:55:45]} b5 {[%clk 0:38:49]} 12. a5
{[%clk 0:46:37]} g6 {[%clk 0:27:12]} 13. fxe5 {[%clk 0:36:13]} dxe5
{[%clk 0:26:38]} 14. d5 {[%clk 0:34:26]} cxd5 {[%clk 0:10:04]} 15. exd5
{[%clk 0:34:46]} Ne8 {[%clk 0:07:33]} 16. Bh6 {[%clk 0:34:06]} Nd6
{[%clk 0:07:17]} 17. Bxf8 {[%clk 0:25:45]} Bxf8 {[%clk 0:07:31]} 18. Qd3
{[%clk 0:19:39]} f5 {[%clk 0:04:48]} 19. Kh1 {[%clk 0:11:31]} Rc8
{[%clk 0:04:23]} 20. Ng1 {[%clk 0:09:01]} Qc7 {[%clk 0:04:30]} 21. Rb3
{[%clk 0:08:42]} Bg7 {[%clk 0:04:42]} 22. Rf2 {[%clk 0:05:34]} e4
{[%clk 0:03:08]} 23. Nxe4 {[%clk 0:05:50]} Nxe4 {[%clk 0:02:32]} 24. Bxe4
{[%clk 0:06:06]} fxe4 {[%clk 0:02:48]} 25. Qxe4 {[%clk 0:06:28]} Qe5
{[%clk 0:02:45]} 26. Qxe5 {[%clk 0:05:27]} Nxe5 {[%clk 0:02:54]} 27. Rd2
{[%clk 0:04:31]} Rd8 {[%clk 0:02:49]} 28. Nf3 {[%clk 0:02:28]} Nxf3
{[%clk 0:02:05]} 29. Rxf3 {[%clk 0:01:00]} Rxd5 {[%clk 0:02:27]} 30. Rdf2
{[%clk 0:00:33]} Rf5 {[%clk 0:02:43]} 31. Kg2 {[%clk 0:01:00]} Bc3
{[%clk 0:02:30]} 32. g4 {[%clk 0:00:56]} Rxf3 {[%clk 0:02:11]} 33. Rxf3
{[%clk 0:01:23]} Bxb4 {[%clk 0:02:30]} 0-1

[Event "MP do lat 16 - dziewczeta"]
[Site "Sypniewo"]
[Date "2022.03.25"]
[Round "7.3"]
[White "Tokarz, Izabela"]
[Black "Siekanska, Maria"]
[Result "1/2-1/2"]
[BlackElo "1989"]
[WhiteElo "1796"]
[LiveChessVersion "1.4.8"]

1. d4 {[%clk 1:30:22]} Nf6 {[%clk 1:30:52]} 2. c4 {[%clk 1:30:43]} e6
{[%clk 1:31:16]} 3. Nc3 {[%clk 1:31:09]} Bb4 {[%clk 1:31:37]} 4. a3
{[%clk 1:31:35]} Bxc3+ {[%clk 1:31:58]} 5. bxc3 {[%clk 1:32:00]} c5
{[%clk 1:32:10]} 6. e3 {[%clk 1:32:18]} O-O {[%clk 1:29:16]} 7. Bd3
{[%clk 1:29:11]} Nc6 {[%clk 1:28:15]} 8. Nf3 {[%clk 1:24:40]} b6 {[%clk 1:24:57]}
9. e4 {[%clk 1:21:18]} Ne8 {[%clk 1:16:55]} 10. d5 {[%clk 1:04:36]} Na5
{[%clk 1:07:37]} 11. e5 {[%clk 1:00:05]} f6 {[%clk 0:51:29]} 12. dxe6
{[%clk 0:54:59]} fxe5 {[%clk 0:41:17]} 13. exd7 {[%clk 0:27:50]} Bxd7
{[%clk 0:36:58]} 14. Nxe5 {[%clk 0:26:24]} Qf6 {[%clk 0:25:40]} 15. f4
{[%clk 0:26:48]} Be6 {[%clk 0:19:29]} 16. O-O {[%clk 0:26:50]} Rd8
{[%clk 0:19:19]} 17. Qe2 {[%clk 0:26:27]} Nd6 {[%clk 0:17:56]} 18. Bb2
{[%clk 0:17:48]} Rfe8 {[%clk 0:17:23]} 19. Qh5 {[%clk 0:16:34]} Bf5
{[%clk 0:16:02]} 20. Bxf5 {[%clk 0:16:13]} Qxf5 {[%clk 0:16:02]} 21. Qxf5
{[%clk 0:16:28]} Nxf5 {[%clk 0:16:25]} 22. Rae1 {[%clk 0:06:20]} Nd6
{[%clk 0:14:23]} 23. f5 {[%clk 0:05:51]} Ndxc4 {[%clk 0:13:10]} 24. Nxc4
{[%clk 0:06:15]} Rxe1 {[%clk 0:12:03]} 25. Rxe1 {[%clk 0:06:40]} Nxc4
{[%clk 0:12:26]} 26. Bc1 {[%clk 0:07:08]} Rd3 {[%clk 0:09:03]} 27. Bg5
{[%clk 0:07:33]} h6 {[%clk 0:08:30]} 28. Re8+ {[%clk 0:06:39]} Kf7
{[%clk 0:08:16]} 29. Re7+ {[%clk 0:07:06]} Kf8 {[%clk 0:08:40]} 30. Bh4
{[%clk 0:07:33]} a5 {[%clk 0:08:20]} 31. Rb7 {[%clk 0:06:03]} Re3
{[%clk 0:05:12]} 32. Bd8 {[%clk 0:05:32]} Rxc3 {[%clk 0:05:10]} 33. Bxb6
{[%clk 0:04:03]} Nxb6 {[%clk 0:05:03]} 34. Rxb6 {[%clk 0:04:29]} Rxa3
{[%clk 0:05:08]} 35. Rc6 {[%clk 0:04:53]} Ra2 {[%clk 0:03:22]} 36. Rxc5
{[%clk 0:05:15]} Ke7 {[%clk 0:03:36]} 37. Rc6 {[%clk 0:05:17]} a4
{[%clk 0:03:19]} 38. Ra6 {[%clk 0:05:36]} a3 {[%clk 0:02:39]} 39. h3
{[%clk 0:05:49]} h5 {[%clk 0:02:05]} 40. Kh2 {[%clk 0:34:34]} h4 {[%clk 0:31:39]}
41. Ra4 {[%clk 0:34:32]} Kf6 {[%clk 0:31:19]} 42. Rxh4 {[%clk 0:33:26]} Kxf5
{[%clk 0:31:25]} 43. Ra4 {[%clk 0:33:47]} Ke5 {[%clk 0:29:16]} 1/2-1/2